000
00311nam a2200109Ia 4500
008
171211s9999 xx 000 0 und d
245
_a
Japanese Swords: Cultural Icons of a Nation
245
_c
Colin M. Roach
260
_c
2010
650
_x
Martial Arts
856
_u
http://down.ebook777.com/055/4805310359.pdf
999
_c
348231
_d
348231